LEADER 01202nam2 2200277 i 450 001 VAN0043166 005 20221122113545.285 100 $a20060331d1921 |0itac50 ba 101 $aita 102 $aIT 105 $a|||| ||||| 200 1 $aDella cittadinanza$eappendice$eistruzioni ministeriali sulla naturalizzazione per decreto reale, sulla cittadinanza in Tripolitania e su modifiche ai registri di cittadinanza e note relative al Trattato di pace di San Germano$fFrancesco Degni 210 $aNapoli$aTorino$cE. Marghieri ; Utet$d1921 215 $a346 p.$d24 cm 461 1$1001VAN0044036$12001 $aˆ2: ‰Delle persone. 620 $dTorino$3VANL000001 620 $dNapoli$3VANL000005 700 1$aDegni$bFrancesco$3VANV035179$0191632 712 $aMarghieri$3VANV110679$4650 712 $aUTET$3VANV107949$4650 801 $aIT$bSOL$c20221125$gRICA 899 $aBIBLIOTECA DEL DIPARTIMENTO DI GIURISPRUDENZA$1IT-CE0105$2VAN00 912 $aVAN0043166 950 $aBIBLIOTECA DEL DIPARTIMENTO DI GIURISPRUDENZA$d00CONS VIII.Eh.318 $e00FP 28267 20060419 Fondo Raffaele Papa 996 $aDella cittadinanza$9690935 997 $aUNISOB